Normal view
MARC view
- High speed ground transportation
Entry Topical Term
001 - CONTROL NUMBER
- control field: 38316
003 - CONTROL NUMBER IDENTIFIER
- control field: NUST
005 - DATE AND TIME OF LATEST TRANSACTION
- control field: 20210314130650.0
008 - FIXED-LENGTH DATA ELEMENTS
- fixed length control field: 210314|| aca||aabn | a|a d
040 ## - CATALOGING SOURCE
- Original cataloging agency: NUST
- Transcribing agency: NUST
150 ## - HEADING--TOPICAL TERM
- Topical term or geographic name entry element: High speed ground transportation
- Geographic subdivision: Europe
- General subdivision: Congresses
670 ## - SOURCE DATA FOUND
- Source citation: Work cat.: (NUST): Report of the international seminar held in Hanover, Federal Republic of Germany, on 12th-14th April 1986 on the topic- high-speed traffic on the railway network of Europe., 1986.
